Cure characteristics and vulcanisate properties of a natural rubber compound extended with convoluted rubber powder (Record no. 56625)

MARC details
000 -LEADER
fixed length control field 00566nam a2200193Ia 4500
100 ## - MAIN ENTRY--AUTHOR NAME
Personal name Ishiaku U S
245 #0 - TITLE STATEMENT
Title Cure characteristics and vulcanisate properties of a natural rubber compound extended with convoluted rubber powder
260 ## - PUBLICATION, DISTRIBUTION, ETC. (IMPRINT)
Name of publisher Polymer Testing
Year of publication 2000
300 ## - PHYSICAL DESCRIPTION
Number of Pages 507-21
500 ## - GENERAL NOTE
General note Source Year: 2000
650 ## - SUBJECT ADDED ENTRY--TOPICAL TERM
Topical Term Convoluted rubber powder
650 ## - SUBJECT ADDED ENTRY--TOPICAL TERM
Topical Term Natural rubber
650 ## - SUBJECT ADDED ENTRY--TOPICAL TERM
Topical Term Vulcanisate properties
700 ## - ADDED ENTRY--PERSONAL NAME
Personal name Chong C S
700 ## - ADDED ENTRY--PERSONAL NAME
Personal name Ismail H
856 ## - ELECTRONIC LOCATION AND ACCESS
Uniform Resource Identifier RAPRA
942 ## - ADDED ENTRY ELEMENTS (KOHA)
Koha item type Journals
Holdings
Withdrawn status Lost status Damaged status Not for loan Home library Current library Shelving location Date acquired Serial Enumeration / chronology Koha item type
      Journals RRII Library RRII Library Rubber chemistry 17/12/2021 Volume 19, Issue 5 Journals